Faunal diversity of mangrove ecosystem in India / (Record no. 169496)

MARC details
000 -LEADER
fixed length control field 00729nam a22002417a 4500
005 - DATE AND TIME OF LATEST TRANSACTION
control field 20191122102222.0
010 ## - LCCN (DPL NO)
LC control number ENG-126969
020 ## - INTERNATIONAL STANDARD BOOK NUMBER
International Standard Book Number 9788181715296
Terms of availability 5330.00
035 ## - SYSTEM CONTROL NUMBER
System control number EN-110501
037 ## - SOURCE OF ACQUISITION
Source of stock number/acquisition DBAD/PUB
082 ## - DEWEY DECIMAL CLASSIFICATION NUMBER
Classification number 591.954
100 ## - MAIN ENTRY--PERSONAL NAME
Personal name Chandra, Kailash
245 ## - TITLE STATEMENT
Title Faunal diversity of mangrove ecosystem in India /
Statement of responsibility, etc by Kailash Chandra ... [et al]
260 ## - PUBLICATION, DISTRIBUTION, ETC. (IMPRINT)
Place of publication, distribution, etc Kolkata
Name of publisher, distributor, etc Director, Zoological Survey of India
Date of publication, distribution, etc 2019
270 ## - ADDRESS
Address M-Block, Kolkata
City New Alipore
Postal code 700053
300 ## - PHYSICAL DESCRIPTION
Extent 735p.
Dimensions 23cm(pbk)
500 ## - GENERAL NOTE
General note Includes references
700 ## - ADDED ENTRY--PERSONAL NAME
Personal name Chandra, Kailash
700 ## - ADDED ENTRY--PERSONAL NAME
Personal name Gopi, K.C.
700 ## - ADDED ENTRY--PERSONAL NAME
Personal name Mishra, S.S.
700 ## - ADDED ENTRY--PERSONAL NAME
Personal name Raghunathan, C.
942 ## - ADDED ENTRY ELEMENTS (KOHA)
Source of classification or shelving scheme Dewey Decimal Classification
Item type English Books
Classification part 591.954
Call number suffix FAU
Holdings
Withdrawn status Lost status Not for loan Collection code Home library Current library Date acquired Source of acquisition Cost, normal purchase price Full call number Barcode Copy number Cost, replacement price Koha item type
      Non-fiction Central Library Central Library 21/11/2019 DBAD/PUB 5330.00 591.954 FAU EN-110501 1 5330.00 English Books

© Delhi Public Library
Hit Counter
free hit counter